| 000 | 01215cam a2200397 a 4500 | ||
|---|---|---|---|
| 001 | 17459819 | ||
| 003 | OSt | ||
| 005 | 20210411104029.0 | ||
| 008 | 120907s2013 nyua b 000 0 eng | ||
| 010 | _a 2012036451 | ||
| 020 | _a9780071769150 (alk. paper) | ||
| 020 | _a0071769153 (alk. paper) | ||
| 020 | _a0071772960 (ebook) | ||
| 035 | _a(DNLM)101591778 | ||
| 040 |
_aDNLM/DLC _cDLC _dDLC |
||
| 042 | _apcc | ||
| 050 | 0 | 0 |
_aRL71 _b.C6255 2013 |
| 060 | 1 | 0 | _aWR 140 |
| 080 |
_a616.5 _bS-75 |
||
| 082 | 0 | 0 |
_a616.5 _223 |
| 245 | 0 | 0 |
_aClinical dermatology / _c[edited by] Carol Soutor, Maria K. Hordinsky. |
| 250 | _a1st ed. | ||
| 260 |
_aNew York : _bMcGraw-Hill Education/Lange Medical Books, _cc2013. |
||
| 300 |
_aix, 339 p. : _bcol. ill. ; _c24 cm. |
||
| 365 | _b39.68 usd | ||
| 504 | _aIncludes bibliographical references. | ||
| 650 | 1 | 2 |
_aSkin Diseases _xdiagnosis. |
| 650 | 1 | 0 |
_aDermatology _976 |
| 650 | 2 | 2 |
_aSkin Diseases _xtherapy. |
| 653 | _aდერმატოლოგია | ||
| 653 | _aკანის დაავადებები | ||
| 700 | 1 | _aSoutor, Carol. | |
| 700 | 1 | _aHordinsky, Maria K. | |
| 906 |
_a7 _bcbc _corignew _d1 _eecip _f20 _gy-gencatlg |
||
| 942 |
_2udc _cBK _e1 |
||
| 999 |
_c46 _d46 |
||